Ruhm und Leiden der Erfinder / (Record no. 2734)
[ view plain ]
| 000 -LEADER | |
|---|---|
| fixed length control field | 00963cam a22002171a 4500 |
| 001 - CONTROL NUMBER | |
| control field | af 47004659 |
| 003 - CONTROL NUMBER IDENTIFIER | |
| control field | DLC |
| 005 - DATE AND TIME OF LATEST TRANSACTION | |
| control field | 20260227110827.0 |
| 008 - FIXED-LENGTH DATA ELEMENTS--GENERAL INFORMATION | |
| fixed length control field | 820109s1944 gw acfh 000 0dger |
| 010 ## - LIBRARY OF CONGRESS CONTROL NUMBER | |
| LC control number | af 47004659 |
| 035 ## - SYSTEM CONTROL NUMBER | |
| System control number | (OCoLC)8053576 |
| 040 ## - CATALOGING SOURCE | |
| Original cataloging agency | DLC |
| Transcribing agency | MnManS |
| Modifying agency | DLC |
| 050 00 - LIBRARY OF CONGRESS CALL NUMBER | |
| Classification number | T39 |
| Item number | .T47 |
| 100 1# - MAIN ENTRY--PERSONAL NAME | |
| Personal name | Thiel, Rudolf, |
| Dates associated with a name | 1899-1981. |
| 245 10 - TITLE STATEMENT | |
| Title | Ruhm und Leiden der Erfinder / |
| Statement of responsibility, etc. | Rudolf Thiel. |
| 250 ## - EDITION STATEMENT | |
| Edition statement | Grosse Ausg. |
| 260 ## - PUBLICATION, DISTRIBUTION, ETC. | |
| Place of publication, distribution, etc. | Berlin : |
| Name of publisher, distributor, etc. | P. Neff, |
| Date of publication, distribution, etc. | 1944. |
| 300 ## - PHYSICAL DESCRIPTION | |
| Extent | 492 p. : |
| Other physical details | ill., plates, ports., facsim. ; |
| Dimensions | 22 cm. |
| 505 0# - FORMATTED CONTENTS NOTE | |
| Formatted contents note | Gutenberg vor Gericht -- Merkwürdige Abenteuer und Erfindungen des weitgereisten Dr. Johann Joachim Becher aus der Pfalz -- Wettlauf mit dem Henker -- Miniaturen aus der guten alten Zeit -- Senefelders Zaubertinte -- Gabelsberger -- Ruhm der Anspruchslosen -- Wilhelm Bauer, Submarine-Ingenieur -- Tragödie eines Patrioten -- Eine menschen fressende Maschine -- Zeppelin. |
| 650 #0 - SUBJECT ADDED ENTRY--TOPICAL TERM | |
| Topical term or geographic name entry element | Inventors |
| Geographic subdivision | Germany. |
No items available.